(LET) reviewer in music / (Record no. 118240)
[ view plain ]
| 000 -LEADER | |
|---|---|
| fixed length control field | 00557nam a2200181Ia 4500 |
| 008 - FIXED-LENGTH DATA ELEMENTS--GENERAL INFORMATION | |
| fixed length control field | 140609s9999 xx 000 0 und d |
| 020 ## - INTERNATIONAL STANDARD BOOK NUMBER | |
| International Standard Book Number | 9789715846936 |
| 050 ## - LIBRARY OF CONGRESS CALL NUMBER | |
| Classification number | MT 3 |
| Item number | .Er73 2008 |
| 100 ## - MAIN ENTRY--PERSONAL NAME | |
| Personal name | Erum, Angela Gloria U. |
| 245 ## - TITLE STATEMENT | |
| Title | (LET) reviewer in music / |
| Statement of responsibility, etc | Angela Gloria U. Erum |
| 260 ## - PUBLICATION, DISTRIBUTION, ETC. (IMPRINT) | |
| Place of publication, distribution, etc | Quezon City, Philippines : |
| Name of publisher, distributor, etc | C&E Publishing, Inc., |
| Date of publication, distribution, etc | c2008. |
| 300 ## - PHYSICAL DESCRIPTION | |
| Extent | 68 p. ; |
| Dimensions | 26 cm. |
| 440 ## - SERIES STATEMENT/ADDED ENTRY--TITLE | |
| Title | (Licensure examinations for teachers). |
| 500 ## - GENERAL NOTE | |
| General note | Includes bibliographical references. |
| 521 ## - TARGET AUDIENCE NOTE | |
| Target audience note | |
| 942 ## - ADDED ENTRY ELEMENTS (KOHA) | |
| Call number prefix | Local |
| Koha item type | Books |
| Withdrawn status | Lost status | Damaged status | Home library | Current library | Shelving location | Date acquired | Cost, normal purchase price | Total Checkouts | Full call number | Barcode | Date last seen | Price effective from | Koha item type |
|---|---|---|---|---|---|---|---|---|---|---|---|---|---|
| College Library | College Library | Filipiniana Section | 06/09/2014 | 88.00 | MT 3 .Er73 2008 | C18528 | 05/08/2018 | 06/09/2014 | Books |